เปลี่ยนเป็นภาษาไทย

Change to English
 แสดงรายละเอียดบรรณานุกรม
  กลับหน้าหลัก
ห้องสมุดโรงเรียนพะเยาพิทยาคม...ยินดีต้อนรับ...ทุกท่านเข้าสู่ระบบห้องสมุดอัตโนมัติ

Brief Record : Get Marc (ISO 2709) : E-mail record : QR code ปิดหน้าต่าง
หนังสืออ้างอิง : เกี่ยวกับ Collections
LEADER 00000nam 2200000uu 4500
001    13399112638
003     ULIBM
008    120928s1961||||th 000 0 tha d
082 0  ^a822.3^bS.
100 0  ^aSuksapan Panit
245 00 ^aThe stories of shakespeare Plays/^cโดย Suksapan Panit
260    ^aพิมพ์ครั้งที่ 1^bกรุงเทพฯ:^cศึกษาภัณฑ์;^d1961
300    ^a76 หน้า:^bภาพประกอบ;^c18 ซม.
650  0 ^aThe stories
945    ^p4^l0^i530
999     ^akanya
 
คุณยังไม่ได้ล็อกอิน คุณสามารถมีกิจกรรมร่วมกับเว็บไซต์ได้ แต่ต้องล็อกอินก่อน ::
  ล็อกอิน
ลำดับที่ ประเภท เลขเรียก/บาร์โค้ด สถานที่ สถานะ
1. หนังสือ
หนังสือ
822.3 S. 1961  
  Barcode: 530
ห้องสมุด
►หนังสือทั่วไป
On Shelf
  ขอยืม
2. หนังสือ
หนังสือ
822.3 S. 1961 ฉ.2 
  Barcode: 517
ห้องสมุด
►หนังสือทั่วไป
On Shelf
  ขอยืม
3. หนังสือ
หนังสือ
822.3 S. 1961 ฉ.3 
  Barcode: 518
ห้องสมุด
►หนังสือทั่วไป
On Shelf
  ขอยืม
4. หนังสือ
หนังสือ
822.3 S. 1961 ฉ.4 
  Barcode: 528
ห้องสมุด
►หนังสือทั่วไป
On Shelf
  ขอยืม
5. หนังสือ
หนังสือ
822.3 S. 1961 ฉ.5 
  Barcode: 515
ห้องสมุด
►หนังสือทั่วไป
On Shelf
  ขอยืม
6. หนังสือ
หนังสือ
822.3 S. 1961 ฉ.6 
  Barcode: 533
ห้องสมุด
►หนังสือทั่วไป
On Shelf
  ขอยืม
7. หนังสือ
หนังสือ
822.3 S. 1961 ฉ.7 
  Barcode: 527
ห้องสมุด
►หนังสือทั่วไป
On Shelf
  ขอยืม
8. หนังสือ
หนังสือ
822.3 S. 1961 ฉ.8 
  Barcode: 520
ห้องสมุด
►หนังสือทั่วไป
On Shelf
  ขอยืม
9. หนังสือ
หนังสือ
822.3 S. 1961 ฉ.9 
  Barcode: 522
ห้องสมุด
►หนังสือทั่วไป
On Shelf
  ขอยืม
10. หนังสือ
หนังสือ
822.3 S. 1961 ฉ.10 
  Barcode: 513
ห้องสมุด
►หนังสือทั่วไป
On Shelf
  ขอยืม
11. หนังสือ
หนังสือ
822.3 S. 1961 ฉ.11 
  Barcode: 526
ห้องสมุด
►หนังสือทั่วไป
On Shelf
  ขอยืม
   [แสดง 11/11 รายการ]

หนังสือดีน่าอ่าน


“ดั่งดวงแก้ว ส่องสว่าง ทางสายงาม”


จัดทำขึ้นเพื่อเฉลิมพระเกียรติ สมเด็จพระเทพรัตนราชสุดา ฯ สยามบรมราชกุมารี 
เนื่องในโอกาสมหามงคลเฉลิมพระชนมพรรษา ๕ รอบ ๒ เมษายน ๒๕๕๘ 

โดยหนังสือเล่มนี้ได้รวบรวม ๖๐ พระอัจฉริยภาพของสมเด็จพระเทพ ฯ 
ผู้อ่านจะได้รับแรงบันดาลใจให้พากเพียรเรียนรู้และขยันอดทนทำการงาน
ตามรอยเบื้องพระยุคลบาท เพราะพระองค์ทรงเป็นแบบอย่างอันดีเยี่ยมในทุกด้าน 

ทั้งในความใฝ่รู้ใฝ่เรียน คุณธรรมจริยธรรม พระวิริยอุตสาหะในการทรงงาน 
และอื่นๆอีกมากมาย ล้วนสามารถสร้างแรงบันดาลใจให้แก่เด็กและเยาวชน

อีกทั้งประชาชนทั่วไป ให้พากเพียรเรียนรู้และขยันอดทนทำการงานตามรอยพระยุคลบาท 
เพื่อฝึกฝนตนเองให้เป็นคนดีคนเก่งของครอบครัวและสังคมต่อไป



แสดงความเห็นเกี่ยวกับหนังสือเล่มนี้


ยังไม่เคยถูกคอมเมนท์

คอมเมนท์ทรัพยากรรายการนี้
  คอมเมนท์: The stories of s..

 
 
 

 

ห้องสมุดเฉลิมพระเกียรติกาญจนาภิเษก  โรงเรียนพะเยาพิทยาคม อำเภอเมือง จังหวัดพะเยา 56000

 E-mail  : Library_ppk@windowslive.com     Library Phayaopittayakom 05-4431-275 ต่อ 4621


 Union Library Management : ULibM
Copyright 2026. All Rights Reserved.